| 000 | 00874nam a2200241Ia 4500 | ||
|---|---|---|---|
| 003 | OSt | ||
| 005 | 20220923225413.0 | ||
| 006 | a|||||r|||| 00| 0 | ||
| 007 | ta | ||
| 008 | 220922b |||||||| |||| 00| 0 hin d | ||
| 024 | _a266,213 | ||
| 037 | _cTextual | ||
| 040 |
_aARTS _cARTS _bhin |
||
| 041 |
_2hin _ahin |
||
| 082 | _aR625x1,10aLBx1,1, 152M7 | ||
| 100 | _aत्रिपाठी, योगेन्द्र कुमार | ||
| 245 | 0 | _aन्याय सूत्र एवं चरक संहिता | |
| 246 | _aNyāya sūtra evan charak sanhitā | ||
| 260 |
_aवाराणसी _b त्रिविधा प्रकाशन _c1987 |
||
| 300 |
_a182पृ. _ccm. |
||
| 942 |
_hR625x1,10aLBx1,1, 152M7 _cTEXL _2CC |
||
| 999 |
_c378005 _d378005 |
||